Jay, the role model

Bibliographic Details
Main Author: Chin, Pen Len
Corporate Author: Title
Format: Book
Published: Kuala Lumpur : Pustaka Segar , 2005
Series:The 'share and care' series
Subjects:

MARC

LEADER 00000cam a2200000 7i4500
001 0000005569
005 20220105104012.0
008 070808
020 |a 9832623863(set) 
020 |a 9832623936 
090 0 0 |a JP   |b MOR ENG (5769) 
100 1 |a Chin, Pen Len 
245 1 0 |a Jay, the role model   |c Chin Pen Len 
260 |a Kuala Lumpur :   |b Pustaka Segar ,   |c 2005 
440 4 |a The 'share and care' series 
500 |a Children age 4-6 years old (yellow) 
650 0 |a Junior preschool   |x English   |x Languages 
650 0 |a Moral 
710 0 |a Title 
999 |a 0000917449   |b Book   |c Children Collection   |e Cawangan Bukit Gambir 
999 |a 0000917450   |b Book   |c Children Collection   |e Cawangan Bukit Gambir 
999 |a 0000917451   |b Book   |c Children Collection   |e Cawangan Bukit Gambir 
999 |a 0000931878   |b Book   |c Children Collection   |e Cawangan Tangkak 
999 |a 0000980641   |b Book   |c Children Collection   |e Cawangan Tmn. Ungku Tun Aminah 
999 |a 0000980642   |b Book   |c Children Collection   |e Perbadanan Perpustakaan Awam Johor 
999 |a 0000980643   |b Book   |c Children Collection   |e Cawangan Tmn. Ungku Tun Aminah 
999 |a 0000980644   |b Book   |c Children Collection   |e Perbadanan Perpustakaan Awam Johor 
999 |a 0000980645   |b Book   |c Children Collection   |e Perbadanan Perpustakaan Awam Johor 
999 |a 0001077021   |b Book   |c Children Collection   |e Cawangan Tangkak 
999 |a 0001077022   |b Book   |c Children Collection   |e Cawangan Tangkak 
999 |a 0001077023   |b Book   |c Children Collection   |e Cawangan Segamat